{"text_format":"3","workbook":"xls","n_sheets":5,"sheets":["ORÇAMENTO VIAS DE IRACEMA ","Cronograma","Resumo","COMPOSIÇÕES","COMP BDI"],"not_rendered":{"images":7,"external_links":24,"defined_names":801},"read":"whole","date_system":"1900","formulas":"cached_only"}

{"sheet":"ORÇAMENTO VIAS DE IRACEMA ","index":0,"n_rows":338,"n_cols":8,"rows_kept":338,"merged":[[0,0,4,2],[0,3,0,6],[1,3,1,6],[2,3,3,6],[4,3,4,6],[6,0,7,0],[6,1,7,1],[6,2,7,2],[6,3,7,3],[6,4,7,4],[6,5,7,5],[6,6,6,7],[9,1,9,6],[10,1,10,6],[18,1,18,6],[21,1,21,6],[23,1,23,6],[41,1,41,6],[45,1,45,6],[79,1,79,6],[86,1,86,6],[87,1,87,6],[92,1,92,6],[96,1,96,6],[101,1,101,6],[120,1,120,6],[124,1,124,6],[126,1,126,6],[144,1,144,6],[148,1,148,6],[179,1,179,6],[185,1,185,6],[186,1,186,6],[189,1,189,6],[193,1,193,6],[198,1,198,6],[217,1,217,6],[221,1,221,6],[223,1,223,6],[238,1,238,6],[242,1,242,6],[269,1,269,6],[276,1,276,6],[277,1,277,6],[280,1,280,6],[284,1,284,6],[289,1,289,6],[328,1,328,6],[332,0,332,6],[333,0,333,6],[334,0,334,6],[337,0,337,7]],"flags":["formulas_cached_only"]}
[{"$nulls":3},"PREFEITURA MUNICIPAL DE FORTALEZA"]
[{"$nulls":3},"SER II - SECRETARIA EXECUTIVA REGIONAL II",{"$nulls":3},"DATA"]
[{"$nulls":3},"REFORMA DAS AVENIDAS HISTORIADOR RAIMUNDO GIRÃO, PESSOA ANTA, ALMIRANTE BARROSO, RUAS PERPENDICULARES E RUAS PARALELAS",{"$nulls":3},"2014-04-24"]
[]
[{"$nulls":3},"URBANIZAÇÃO - PLANILHA DE QUANTITATIVOS E PREÇOS UNITÁRIOS"]
[{"$nulls":7},"DATA BASE : SINAPI JANEIRO 2014 DESONERADA, SEINF JANEIRO 2014 DESONERADA, SEINFRA TABELA 021 DESONERADA"]
["ITEM","TABELA","CÓDIGO","DESCRIÇÃO","UNID.","QUANTIDADE"]
[{"$nulls":6},"UNITÁRIO                   (S/ BDI)","TOTAL"]
[]
["1.0","SERVIÇOS INICIAIS",{"$nulls":5},{"v":537032.63,"d":"537,032.63"}]
["1.1","CONSTRUÇÃO DO CANTEIRO DE OBRA",{"$nulls":5},{"v":101812.79000000001,"d":"101,812.79"}]
[null,"SINAPI","73847/001","ALUGUEL CONTAINER/ESCRIT INCL INST ELET LARG=2,20 COMP=6,20M","MÊS",{"v":12,"d":"12.00"},719.28,{"v":8631.36,"d":"8,631.36"}]
[null,"SINAPI","73847/004","ALUGUEL CONTAINER/SANIT C/4 VASOS/1 LAVAT/1 MIC/4 CHUV","MÊS",{"v":12,"d":"12.00"},{"v":1173.21,"d":"1,173.21"},{"v":14078.52,"d":"14,078.52"}]
[null,"SEINFRA","C1622","LIGAÇÃO PROVISÓRIO DE ÁGUA E ESGOTO","UN",{"v":1,"d":"1.00"},{"v":1714.13,"d":"1,714.13"},{"v":1714.13,"d":"1,714.13"}]
[null,"SINAPI","73960/001","INSTAL/LIGACAO PROVISORIA ELETRICA BAIXA TENSAO P/CANT OBRA,M3-CHAVE 100A CARGA 3KWH,20CV","UND",{"v":1,"d":"1.00"},956.62,956.62]
[null,null,"SXXXX","CONTROLE TECNOLOGICO DE CONCRETO E SOLOS","MÊS",{"v":12,"d":"12.00"},{"v":6300,"d":"6,300.00"},{"v":75600,"d":"75,600.00"}]
[null,"SINAPI",41598,"ENTRADA PROVISORIA DE ENERGIA ELETRICA AEREA TRIFASICA 40A EM POSTE MADEIRA","UND",{"v":1,"d":"1.00"},750.41,750.41]
[null,"SEINFRA","C1794","MOBILIZAÇÃO E DESMOBILIZAÇÃO DE EQUIPAMENTOS EM CAMINHÃO EQUIPADO C/ GUINDASTE","KM",{"v":25,"d":"25.00"},3.27,81.75]
["1.2","ADMINISTRAÇÃO",{"$nulls":5},{"v":435219.83999999997,"d":"435,219.84"}]
[null,"ESPECIFICA","COMP","ADMINISTRAÇÃO LOCAL","UND",{"v":12,"d":"12.00"},{"v":36268.32,"d":"36,268.32"},{"v":435219.83999999997,"d":"435,219.84"}]
[]
["2.0","VIA ALMIRANTE BARROSO",{"$nulls":5},{"v":3376274.534799999,"d":"3,376,274.53"}]
["2.0","DEMOLIÇÕES/RETIRADAS E PRELIMINARES",{"$nulls":5},{"v":489895.74639999995,"d":"489,895.75"}]
["2.1","DEMOLIÇÕES E RETIRADAS",{"$nulls":5},{"v":476404.14639999997,"d":"476,404.15"}]
["2.1.1","PASSEIOS",{"$nulls":5},{"v":179459.22110000002,"d":"179,459.22"}]
[null,"SEINFRA","C2939","RETIRADA DE PAVIMENTAÇÃO EM BLOCOS DE CONCRETO","M²",602.99,{"v":4.8,"d":"4.80"},{"v":2894.352,"d":"2,894.35"}]
[null,"SEINFRA","C3373","RETIRADA DE MEIO FIO DE PEDRA GRANITICA","M",{"v":3813.36,"d":"3,813.36"},4.24,{"v":16168.646400000001,"d":"16,168.65"}]
[null,"SINAPI","73801/002","DEMOLIÇÃO DE CAMADA DE ASSENTAMENTO/CONTRAPISO COM USO DE PONTEIRO ESP4CM","M²",{"v":9012.11,"d":"9,012.11"},9.31,{"v":83902.74410000001,"d":"83,902.74"}]
[null,"SINAPI",72898,"CARGA E DESCARGA MECANIZADAS DE ENTULHO EM CAMINHAO BASCULANTE 6 M3","M³",{"v":1022.35,"d":"1,022.35"},0.78,{"v":797.433,"d":"797.43"}]
[null,"SINAPI",72887,"TRANSPORTE COMERCIAL COM CAMINHAO BASCULANTE 6 M3, RODOVIA PAVIMENTADA","M³KM",{"v":14818.3,"d":"14,818.30"},0.75,{"v":11113.724999999999,"d":"11,113.73"}]
[null,"SEINF",null,"DEMOLIÇÃO DE PISO CERÂMICO SOBRE LASTRO DE CONCRETO","M²",210.41,10.68,{"v":2247.1787999999997,"d":"2,247.18"}]
[null,"SINAPI","73801/002","DEMOLIÇÃO DE PISO CIMENTADO SOBRE LASTRO DE CONCRETO","M²",{"v":5712.94,"d":"5,712.94"},9.31,{"v":53187.4714,"d":"53,187.47"}]
[null,"SEINFRA","C2942","RETIRADA DE PAVIMENTAÇÃO EM PEDRA PORTUGUESA","M²",{"v":2485.78,"d":"2,485.78"},3.68,{"v":9147.6704,"d":"9,147.67"}]
["2.1.2","VIAS",{"$nulls":5},{"v":296944.92529999994,"d":"296,944.93"}]
[null,"SINAPI",72949,"DEMOLICAO DE PAVIMENTACAO ASFALTICA, EXCLUSIVE TRANSPORTE DO MATERIAL RETIRADO","M³",{"v":1722.87,"d":"1,722.87"},16.64,{"v":28668.5568,"d":"28,668.56"}]
[null,"SEINF",null,"DEMOLIÇÃO DE PAVIMENTO EM PARALELEPÍPEDO C/ REMOÇÃO LATERAL","M²",{"v":24612.37,"d":"24,612.37"},3.03,{"v":74575.48109999999,"d":"74,575.48"}]
[null,"SEINF",null,"DEMOLIÇÃO DE PAVIMENTO EM PEDRA TOSCA C/ REMOÇÃO LATERAL","M²",{"v":24612.37,"d":"24,612.37"},3.03,{"v":74575.48109999999,"d":"74,575.48"}]
[null,"SINAPI",72898,"CARGA E DESCARGA MECANIZADAS DE ENTULHO EM CAMINHAO BASCULANTE 6 M3","M³",{"v":11383.22,"d":"11,383.22"},0.79,{"v":8992.7438,"d":"8,992.74"}]
[null,"SINAPI",72887,"TRANSPORTE COMERCIAL COM CAMINHAO BASCULANTE 6 M3, RODOVIA PAVIMENTADA","M³KM",{"v":146843.55,"d":"146,843.55"},0.75,{"v":110132.66249999999,"d":"110,132.66"}]
[]
[]
["2.2","SERVIÇOS PRELIMINARES",{"$nulls":5},{"v":13491.6,"d":"13,491.60"}]
[null,"SEINFRA","C2873","LOCAÇÃO DA OBRA COM AUXILIO TOPOGRAFICO ","M2",{"v":32832,"d":"32,832.00"},0.25,{"v":8208,"d":"8,208.00"}]
[null,"SINAPI","74209/001","PLACA DE OBRAS EM CHAPA DE AÇO GALVANIZADA","M²",{"v":20,"d":"20.00"},264.18,{"v":5283.6,"d":"5,283.60"}]
[]
["2.3","PAVIMENTAÇÃO",{"$nulls":5},{"v":2169207.8677999997,"d":"2,169,207.87"}]
["2.3.1","PASSEIOS",{"$nulls":5},{"v":1678796.7330999996,"d":"1,678,796.73"}]
[null,"SINAPI","74164/004","LASTRO DE BRITA","M³",46.94,59.67,{"v":2800.9098,"d":"2,800.91"}]
[null,"SINAPI","73919/002","CONTRA-PISO EM ARGAMASSA TRAÇO 1:4 (CIMENTO E AREIA) ESPESSURA=5 CM","M2",{"v":5742.2,"d":"5,742.20"},22.32,{"v":128165.904,"d":"128,165.90"}]
[null,"SINAPE","73920/002","REGULARIZAÇÃO DE PISO/BASE EM ARGAMASSA TRAÇO 1:3 (CIMENTO E AREIA) ESPESSURA=3 CM","M2",{"v":5742.2,"d":"5,742.20"},14.97,{"v":85960.734,"d":"85,960.73"}]
[null,"SEINF",null,"PEDRA CARIRI DE ALTO TRAFÉGO EXTRAIDA DE BLOCOS DE MATACÃO (40 X 40) CM ESP=2CM PADRÃO BEIRA MAR","M²",{"v":5742.2,"d":"5,742.20"},76.22,{"v":437670.484,"d":"437,670.48"}]
[null,"SEINFRA","C4624","PISO PODOTÁTIL EM PMC","M²",429.64,59.79,{"v":25688.1756,"d":"25,688.18"}]
[null,"SEINFRA","C3762","PISO PRÉ-MOLDADO ARTICULADO E INTERTRAVADO DE 16 FACES - e = 8,0 cm (35 MPa) P/ TRÁFEGO PESADO","M²",{"v":2998.7,"d":"2,998.70"},59.29,{"v":177792.92299999998,"d":"177,792.92"}]
[null,"SINAPI",84212,"PISO EM CONCRETO 20MPA USINADO, ESP=7CM","M²",469.38,32.19,{"v":15109.3422,"d":"15,109.34"}]
[null,"SEINFRA","C3155","CONCRETO BETUMINOSO USINADO À QUENTE - CBUQ (S/TRANSP)","M3",58.93,128.09,{"v":7548.3437,"d":"7,548.34"}]
[null,"SEINFRA","C3221","IMPRIMAÇÃO - EXECUÇÃO (S/TRANSP)","M2",{"v":1964.33,"d":"1,964.33"},0.23,{"v":451.7959,"d":"451.80"}]
[null,"SINAPI",72948,"COLCHÃO DE AREIA PARA PAVIMENTAÇÃO","M³",469.74,41.02,{"v":19268.734800000002,"d":"19,268.73"}]
[null,"SINAPI",72961,"REGULARIZAÇÃO E COMPACTAÇÃO DO SUB-LEITO","M²",{"v":9639.92,"d":"9,639.92"},1.15,{"v":11085.908,"d":"11,085.91"}]
[null,"SINAPI",72924,"BASE SOLO BRITA COM 50% DE BRITA (S/TRANSP)","M³",{"v":2318.74,"d":"2,318.74"},44.18,{"v":102441.93319999998,"d":"102,441.93"}]
[null,"SEINFRA","C3217","ESTABILIZAÇÃO GRANULOMÉTRICA DE SOLOS S/ MISTURA DE MATERIAIS (S/TRANSP)","M³",{"v":2271.8,"d":"2,271.80"},14.77,{"v":33554.486000000004,"d":"33,554.49"}]
[null,"SINAPI","73977/001","REGULARIZAÇÃO DE PISO/BASE EM ARGAMASSA TRAÇO 1:3 (CIMENTO E AREIA GROSSA) ESP 3,0CM PREPARO MECÂNICO","M²",469.38,14.87,{"v":6979.6806,"d":"6,979.68"}]
[null,"SINAPI","74223/001 (adaptado)","MEIO-FIO (GUIA) DE CONCRETO PRE-MOLDADO, DIMENSÕES 10X30X100CM (FACEXALTURAXCOMPRIMENTO),REJUNTADO C/ARGAMASSA 1:4 CIMENTO:AREIA, INCLUINDO ESCAVAÇÃO E REATERRO.","M",{"v":9732.47,"d":"9,732.47"},25.22,{"v":245452.89339999997,"d":"245,452.89"}]
[null,"SEINFRA","C3112","SARJETA DE CONCRETO SIMPLES C/L=1,00m/E=0,08m","M",{"v":9732.47,"d":"9,732.47"},32.18,{"v":313190.8846,"d":"313,190.88"}]
[null,"SINAPI",72887,"TRANSPORTE COMERCIAL COM CAMINHAO BASCULANTE 6 M3, RODOVIA PAVIMENTADA","M³KM",{"v":67360.06,"d":"67,360.06"},0.75,{"v":50520.045,"d":"50,520.05"}]
[null,"SINAPI",73608,"PISO EM PEDRA PORTUGUESA BRANCA ASSENTADA SOBRE ARGAMASSA SECA TRACO 1:6 (CIMENTO E AREIA) E REJUNTADA COM ARGAMASSA SECA TRACO 1:2 (CIMENTO E AREIA)","M²",224.27,67.39,{"v":15113.5553,"d":"15,113.56"}]
[]
["2.3.2","VIAS",{"$nulls":5},{"v":490411.1347,"d":"490,411.13"}]
[null,"SEINFRA","C3155","CONCRETO BETUMINOSO USINADO  Á QUENTE - CBUQ (S/TRANSPORTE)","M3",{"v":1217.67,"d":"1,217.67"},128.09,{"v":155971.35030000002,"d":"155,971.35"}]
[null,"SEINFRA","C3221","IMPRIMAÇÃO - EXECUÇÃO (S/TRANSP)","M2",{"v":17395.23,"d":"17,395.23"},0.23,{"v":4000.9029,"d":"4,000.90"}]
[null,"SEINFRA","C3228","PINTURA DE LIGAÇÃO - EXECUÇÃO (S/TRANSP)","M2",{"v":17395.23,"d":"17,395.23"},0.13,{"v":2261.3799,"d":"2,261.38"}]
[null,"SINAPI",72924,"BASE SOLO BRITA COM 50% DE BRITA (S/TRANSP)","M3",{"v":3479.05,"d":"3,479.05"},44.19,{"v":153739.2195,"d":"153,739.22"}]
[null,"SEINFRA","C3217","ESTABILIZAÇÃO GRANULOMÉTRICA DE SOLOS S/ MISTURA DE MATERIAIS (S/TRANSP)","M3",{"v":3479.05,"d":"3,479.05"},14.77,{"v":51385.5685,"d":"51,385.57"}]
[null,"SINAPI",72887,"TRANSPORTE COMERCIAL COM CAMINHAO BASCULANTE 6 M3, RODOVIA PAVIMENTADA","M³KM",{"v":105467.28,"d":"105,467.28"},0.75,{"v":79100.45999999999,"d":"79,100.46"}]
[null,"SEINFRA","I0809","AQUISIÇÃO DE CM-30","T",{"v":19.2,"d":"19.20"},{"v":1925,"d":"1,925.00"},{"v":36960,"d":"36,960.00"}]
[null,"SEINFRA","I2319","AQUISIÇÃO DE RR-1C","T",6.96,{"v":908,"d":"908.00"},{"v":6319.68,"d":"6,319.68"}]
[null,"SEINFRA","I0001","TRANSPORTE DE CM-30 (Y = 0,28 X + 22,10), DMT=12,90KM","T",{"v":19.2,"d":"19.20"},25.71,{"v":493.632,"d":"493.63"}]
[null,"SEINFRA","I0001","TRANSPORTE DE RR-1C (Y = 0,28 X + 22,10), DMT=12,90KM","T",6.96,25.71,{"v":178.9416,"d":"178.94"}]
[]
[]
["2.4","PAISAGISMO",{"$nulls":5},{"v":78192.6657,"d":"78,192.67"}]
[null,"SEINFRA","C1431","GRAMA EM PLACAS - TIPO ESMERALDA","M²",748.01,8.57,{"v":6410.4457,"d":"6,410.45"}]
[null,"ESPECIFICA","COMP","PALMEIRAS (CARNAÚBA) C/ TUTOR E ADUBO C/ ALTURA DE 2,0 A 3,0M","UND",{"v":92,"d":"92.00"},353.93,{"v":32561.56,"d":"32,561.56"}]
[null,"ESPECIFICA","COMP","PALMEIRAS (LUCURIROBA) C/ TUTOR E ADUBO C/ ALTURA DE 2,0 A 3,0M","UND",{"v":17,"d":"17.00"},293.93,{"v":4996.81,"d":"4,996.81"}]
[null,"ESPECIFICA","COMP","ÁRVORE C/ TUTOR , ADUBO C/ ALTUR DE 1,50M A 3,0M","UND",{"v":217,"d":"217.00"},96.93,{"v":21033.81,"d":"21,033.81"}]
[null,"SINAPI","73967/002","PLANTIO DE ARVORE COM ALTURA MAIOR DO QUE 2,00 METROS","UND",{"v":54,"d":"54.00"},67.55,{"v":3647.7,"d":"3,647.70"}]
[null,"SEINFRA","C2204","RETIRADA DE ÁRVORES","UND",{"v":54,"d":"54.00"},176.71,{"v":9542.34,"d":"9,542.34"}]
[]
["2.5","URABANIZAÇÃO - MOBILIÁRIO URBANO",{"$nulls":5},{"v":118508.16999999998,"d":"118,508.17"}]
[null,"ESPECIFICA","COMP","FRADES EM CONCRETO - FORMATO DE BOLA D=30CM","UND",{"v":211,"d":"211.00"},442.38,{"v":93342.18,"d":"93,342.18"}]
[null,"ESPECIFICA","COMP","LIXEIRA COLETORA ECOLÓGICA COM DUAS UNIDADES","UND",{"v":51,"d":"51.00"},468.51,{"v":23894.01,"d":"23,894.01"}]
[null,"ESPECIFICA","COMP","BICICLETÁRIO EM TUBO DE AÇO INOX 2\" - COMPRIMENTO DE 2,10M COM QUATRO SUPORTES ","UND",{"v":2,"d":"2.00"},635.99,{"v":1271.98,"d":"1,271.98"}]
[]
["2.6","SINALIZAÇÃO ",{"$nulls":5},{"v":47354.09,"d":"47,354.09"}]
["2.6.1","SINALIZAÇÃO VERTICAL",{"$nulls":5},{"v":9966.089999999998,"d":"9,966.09"}]
[null,"SEINFRA","C3302","PLACA INDICATIVA/EDUCATIVA/SERVIÇOS REFLETIVA EM ALUMÍNIO C/ PELÍCULA ANTI-PICHANTE","M²",{"v":2,"d":"2.00"},633.57,{"v":1267.14,"d":"1,267.14"}]
[null,"SEINFRA","C3296","PLACA DE REGULAMENTAÇÃO/ADVERTÊNCIA REFLETIVA EM ALUMÍNIO C/ PELÍCULA ANTI-PICHANTE","M²",{"v":15,"d":"15.00"},579.93,{"v":8698.949999999999,"d":"8,698.95"}]
["2.6.2","SINALIZAÇÃO HORIZONTAL",{"$nulls":5},{"v":37388,"d":"37,388.00"}]
[null,"SINAPI",72947,"FAIXA HORIZONTAL/TINTA REFLETIVA/RESINA ACRÍLICA NA COR BRANCA","M²",{"v":2600,"d":"2,600.00"},14.38,{"v":37388,"d":"37,388.00"}]
[null,"SINAPI",72947,"SÍMBOLOS NO PAVIMENTO/RESINA ACRÍLICA NA COR BRANCA","M²",{"v":450,"d":"450.00"},14.38,{"v":6471,"d":"6,471.00"}]
[null,"SEINFRA","C3117","TACHA REFLETIVA MONODIRECIONAL: FORNECIMENTO/APLICAÇÃO","UND",{"v":1100,"d":"1,100.00"},14.14,{"v":15554,"d":"15,554.00"}]
[]
["2.7","DRENAGEM",{"$nulls":5},{"v":454432.2349,"d":"454,432.23"}]
[null,"SINAPI",73599,"ESCAVAÇÃO MECÂNICA VALAS EM QUALQUER TIPO DE SOLO EXCETO ROCHA, PROF. 0 < H < 4 M","m³",{"v":2039.75,"d":"2,039.75"},6.87,{"v":14013.0825,"d":"14,013.08"}]
[null,"SINAPI","74010/001","CARGA E DESCARGA MECÂNICA DE SOLO UTILIZANDO CAMINHÃO BASCULANTE 5,0M³ / 11T E PÁ CARREGADEIRA SOBRE PNEUS * 105 HP * CAP.1,72 M³","m³",995.92,1.07,{"v":1065.6344,"d":"1,065.63"}]
[null,"SINAPI",83444,"TRANSPORTE DE MATERIAL DE QUALQUER NATUREZA DMT > 10 KM, COM CAMINHAO BASCULANTE DE 4,0 M3","tkm",{"v":20613.47,"d":"20,613.47"},0.72,{"v":14841.698400000001,"d":"14,841.70"}]
[null,"SINAPI","74015/001","REATERRO E COMPACTAÇÃO MECÂNICA DE VALA COM COMPACTADOR MANUAL TIPO SOQUETE VIBRATÓRIO","m³",{"v":1257.67,"d":"1,257.67"},14.78,{"v":18588.3626,"d":"18,588.36"}]
[null,"SINAPI","74138/002","CONCRETO USINADO BOMBEADO FCK=20MPA, INCLUSIVE COLOCAÇÃO, ESPALHAMENTO E ACABAMENTO ","m³",323.82,310.02,{"v":100390.6764,"d":"100,390.68"}]
[null,"SINAPI",5651,"FORMA TABUA PARA CONCRETO EM FUNDACAO C/ REAPROVEITAMENTO 5X","m²",{"v":3203.12,"d":"3,203.12"},24.48,{"v":78412.37759999999,"d":"78,412.38"}]
[null,"SEINFRA","C2923","REBAIXAMENTO DE LENÇOL FREÁTICO EM VALAS","m",{"v":704,"d":"704.00"},22.68,{"v":15966.72,"d":"15,966.72"}]
[null,"SEINFRA","C1278","ESGOTAMENTO C/BOMBA ELÉTRICA DE IMERSÃO 1KW ATÉ 8M","m³",456.06,0.04,{"v":18.2424,"d":"18.24"}]
[null,"SEINFRA","C4661","BARBACÃ C/ TUBO PVC ESGOTO 50mm, INCLUSIVE GEOTÊXTIL NÃO-TECIDO 100% POLIÉSTER COM RESISTÊNCIA A TRAÇÃO LONGITUDINAL MÍNIMA DE 8kN/m (BIDIMRT-08 OU SIMILAR) E BRITA","UNID.",{"v":1077,"d":"1,077.00"},3.48,{"v":3747.96,"d":"3,747.96"}]
[null,"SEINF","-","DRENO CORRIDO DE AREIA GROSSA","m³",124.24,57.34,{"v":7123.921600000001,"d":"7,123.92"}]
[null,"SEINFRA","C1418","FUNGEBAND P/ JUNTAS DE DILATAÇÃO","m",{"v":102.4,"d":"102.40"},75.69,{"v":7750.656,"d":"7,750.66"}]
[null,"SEINF","-","CHAMINÉ P/POÇO DE VISITA DE GALERIA C/ESCADA DE ACESSO","m",{"v":14.2,"d":"14.20"},363.35,{"v":5159.57,"d":"5,159.57"}]
[null,"SEINF","-","CAIXA DE PASSAGEM TIPO A, INCLUSIVE BARBACÃS, DRENO E AREIA GROSSA","UNID.",{"v":6,"d":"6.00"},{"v":1097.4,"d":"1,097.40"},{"v":6584.400000000001,"d":"6,584.40"}]
[null,"SEINF","-","CAIXA BOCA DE LOBO INCLUSIVE ESCAVAÇÃO, BARBACÃS E DRENO DE AREIA GROSSA","UNID.",{"v":33,"d":"33.00"},{"v":1739.56,"d":"1,739.56"},{"v":57405.479999999996,"d":"57,405.48"}]
[null,"SINAPI","73942/002","ARMAÇÃO DE AÇO CA 60 DIAM. 3,4 A 6,0MM. - FORNECIMENTO C/ CORTE C/ PERDA DE 10%, /DOBRA/ COLOCAÇÃO","kg",{"v":19031.22,"d":"19,031.22"},6.15,{"v":117042.00300000001,"d":"117,042.00"}]
[null,"SEINFRA","C2310","TAMPÃO DE FERRO FUNDIDO P/POÇO DE VISITA E CAIXA DE PASSAGEM","UNID.",{"v":15,"d":"15.00"},421.43,{"v":6321.45,"d":"6,321.45"}]
[]
[]
["2.8","LIMPEZA",{"$nulls":5},{"v":32175.36,"d":"32,175.36"}]
[null,"SINAPI",9537,"LIMPEZA FINAL DA OBRA","M²",{"v":32832,"d":"32,832.00"},0.98,{"v":32175.36,"d":"32,175.36"}]
[]
[]
["3.0","VIA HISTORIADOR RAIMUNDO GIRÃO",{"$nulls":5},{"v":2556727.596,"d":"2,556,727.60"}]
["3.0","DEMOLIÇÕES/RETIRADAS E PRELIMINARES",{"$nulls":5},{"v":293284.2107,"d":"293,284.21"}]
["3.1","DEMOLIÇÕES E RETIRADAS",{"$nulls":5},{"v":281497.1382,"d":"281,497.14"}]
["3.1.1","PASSEIOS",{"$nulls":5},{"v":117624.2194,"d":"117,624.22"}]
[null,"SEINFRA","C2939","RETIRADA DE PAVIMENTAÇÃO EM BLOCOS DE CONCRETO","M²",{"v":1084.05,"d":"1,084.05"},{"v":4.8,"d":"4.80"},{"v":5203.44,"d":"5,203.44"}]
[null,"SEINFRA","C3373","RETIRADA DE MEIO FIO DE PEDRA GRANITICA","M",{"v":3415.57,"d":"3,415.57"},4.24,{"v":14482.016800000001,"d":"14,482.02"}]
[null,"SINAPI","73801/002","DEMOLIÇÃO DE CAMADA DE ASSENTAMENTO/CONTRAPISO COM USO DE PONTEIRO ESP4CM","M²",{"v":5794.04,"d":"5,794.04"},9.31,{"v":53942.5124,"d":"53,942.51"}]
[null,"SINAPI",72898,"CARGA E DESCARGA MECANIZADAS DE ENTULHO EM CAMINHAO BASCULANTE 6 M3","M³",805.53,0.78,{"v":628.3134,"d":"628.31"}]
[null,"SINAPI",72887,"TRANSPORTE COMERCIAL COM CAMINHAO BASCULANTE 6 M3, RODOVIA PAVIMENTADA","M³KM",{"v":10391.34,"d":"10,391.34"},0.75,{"v":7793.505,"d":"7,793.51"}]
[null,"SEINF",null,"DEMOLIÇÃO DE PISO CERÂMICO SOBRE LASTRO DE CONCRETO","M²",534.74,10.68,{"v":5711.0232,"d":"5,711.02"}]
[null,"SINAPI","73801/002","DEMOLIÇÃO DE PISO CIMENTADO SOBRE LASTRO DE CONCRETO","M²",{"v":2575.22,"d":"2,575.22"},9.31,{"v":23975.2982,"d":"23,975.30"}]
[null,"SEINFRA","C2942","RETIRADA DE PAVIMENTAÇÃO EM PEDRA PORTUGUESA","M²",{"v":1600.03,"d":"1,600.03"},3.68,{"v":5888.1104000000005,"d":"5,888.11"}]
[]
["3.1.2","VIAS",{"$nulls":5},{"v":163872.91879999998,"d":"163,872.92"}]
[null,"SINAPI",72949,"DEMOLICAO DE PAVIMENTACAO ASFALTICA, EXCLUSIVE TRANSPORTE DO MATERIAL RETIRADO","M³",{"v":1439.3,"d":"1,439.30"},16.64,{"v":23949.952,"d":"23,949.95"}]
[null,"SEINF",null,"DEMOLIÇÃO DE PAVIMENTO EM PARALELEPÍPEDO C/ REMOÇÃO LATERAL","M²",{"v":19065.62,"d":"19,065.62"},3.03,{"v":57768.82859999999,"d":"57,768.83"}]
[null,"SEINF",null,"DEMOLIÇÃO DE PAVIMENTO EM PEDRA TOSCA C/ REMOÇÃO LATERAL","M²",{"v":19065.62,"d":"19,065.62"},3.03,{"v":57768.82859999999,"d":"57,768.83"}]
[null,"SINAPI",72898,"CARGA E DESCARGA MECANIZADAS DE ENTULHO EM CAMINHAO BASCULANTE 6 M3","M³",{"v":8948.74,"d":"8,948.74"},0.79,{"v":7069.5046,"d":"7,069.50"}]
[null,"SINAPI",72887,"TRANSPORTE COMERCIAL COM CAMINHAO BASCULANTE 6 M3, RODOVIA PAVIMENTADA","M³KM",{"v":23087.74,"d":"23,087.74"},0.75,{"v":17315.805,"d":"17,315.81"}]
[]
["3.2","SERVIÇOS PRELIMINARES",{"$nulls":5},{"v":11787.0725,"d":"11,787.07"}]
[null,"SEINFRA","C2873","LOCAÇÃO DA OBRA COM AUXILIO TOPOGRAFICO","M²",{"v":26013.89,"d":"26,013.89"},0.25,{"v":6503.4725,"d":"6,503.47"}]
[null,"SINAPI","74209/001","PLACA DE OBRAS EM CHAPA DE AÇO GALVANIZADA","M²",{"v":20,"d":"20.00"},264.18,{"v":5283.6,"d":"5,283.60"}]
[]
["3.3","PAVIMENTAÇÃO",{"$nulls":5},{"v":1537371.193,"d":"1,537,371.19"}]
["3.3.1","PASSEIOS",{"$nulls":5},{"v":1026856.3074999999,"d":"1,026,856.31"}]
[null,"SINAPI","74164/004","LASTRO DE BRITA","M³",29.42,59.67,{"v":1755.4914,"d":"1,755.49"}]
[null,"SINAPI","73919/002","CONTRA-PISO EM ARGAMASSA TRAÇO 1:4 (CIMENTO E AREIA) ESPESSURA=5 CM","M²",{"v":4569.7,"d":"4,569.70"},22.32,{"v":101995.704,"d":"101,995.70"}]
[null,"SINAPE","73920/002","REGULARIZAÇÃO DE PISO/BASE EM ARGAMASSA TRAÇO 1:3 (CIMENTO E AREIA) ESPESSURA=3 CM","M²",{"v":4569.7,"d":"4,569.70"},14.97,{"v":68408.409,"d":"68,408.41"}]
[null,"SEINF",null,"PEDRA CARIRI DE ALTO TRAFÉGO EXTRAIDA DE BLOCOS DE MATACÃO (40 X 40) CM ESP=2CM PADRÃO BEIRA MAR","M²",{"v":4569.7,"d":"4,569.70"},76.22,{"v":348302.534,"d":"348,302.53"}]
[null,"SEINFRA","C4624","PISO PODOTÁTIL EM PMC","M²",{"v":65.3,"d":"65.30"},59.79,{"v":3904.287,"d":"3,904.29"}]
[null,"SEINFRA","C3762","PISO PRÉ-MOLDADO ARTICULADO E INTERTRAVADO DE 16 FACES - e = 8,0 cm (35 MPa) P/ TRÁFEGO PESADO","M²",329.65,59.29,{"v":19544.9485,"d":"19,544.95"}]
[null,"SINAPI",84212,"PISO EM CONCRETO 20MPA USINADO, ESP=7CM","M²",294.19,32.19,{"v":9469.9761,"d":"9,469.98"}]
[null,"SINAPI",72948,"COLCHÃO DE AREIA PARA PAVIMENTAÇÃO","M³",240.66,41.02,{"v":9871.8732,"d":"9,871.87"}]
[null,"SINAPI",72961,"REGULARIZAÇÃO E COMPACTAÇÃO DO SUB-LEITO","M²",{"v":5258.84,"d":"5,258.84"},1.15,{"v":6047.665999999999,"d":"6,047.67"}]
[null,"SINAPI",72924,"BASE SOLO BRITA COM 50% DE BRITA (S/TRANSP)","M³",962.64,44.18,{"v":42529.4352,"d":"42,529.44"}]
[null,"SEINFRA","C3217","ESTABILIZAÇÃO GRANULOMÉTRICA DE SOLOS S/ MISTURA DE MATERIAIS (S/TRANSP)","M³",962.64,14.77,{"v":14218.192799999999,"d":"14,218.19"}]
[null,"SINAPI","73977/001","REGULARIZAÇÃO DE PISO/BASE EM ARGAMASSA TRAÇO 1:3 (CIMENTO E AREIA GROSSA) ESP 3,0CM PREPARO MECÂNICO","M²",294.19,14.87,{"v":4374.6053,"d":"4,374.61"}]
[null,"SINAPI","74223/001 (adaptado)","MEIO-FIO (GUIA) DE CONCRETO PRE-MOLDADO, DIMENSÕES 10X30X100CM (FACEXALTURAXCOMPRIMENTO),REJUNTADO C/ARGAMASSA 1:4 CIMENTO:AREIA, INCLUINDO ESCAVAÇÃO E REATERRO.","M",{"v":6442.2,"d":"6,442.20"},25.22,{"v":162472.28399999999,"d":"162,472.28"}]
[null,"SEINFRA","C3112","SARJETA DE CONCRETO SIMPLES C/L=1,00m/E=0,08m","M",{"v":6442.2,"d":"6,442.20"},32.18,{"v":207309.99599999998,"d":"207,310.00"}]
[null,"SINAPI",72887,"TRANSPORTE COMERCIAL COM CAMINHAO BASCULANTE 6 M3, RODOVIA PAVIMENTADA","M³KM",{"v":35534.54,"d":"35,534.54"},0.75,{"v":26650.905,"d":"26,650.91"}]
[]
["3.3.2","VIAS",{"$nulls":5},{"v":510514.88550000003,"d":"510,514.89"}]
[null,"SEINFRA","C3155","CONCRETO BETUMINOSO USINADO A QUENTE-CBUQ (S/TRANSPORTE)","M3",{"v":1296.52,"d":"1,296.52"},128.09,{"v":166071.2468,"d":"166,071.25"}]
[null,"SEINFRA","C3221","IMPRIMAÇÃO - EXECUÇÃO (S/TRANSP)","M2",{"v":18521.72,"d":"18,521.72"},0.23,{"v":4259.9956,"d":"4,260.00"}]
[null,"SEINFRA","C3228","PINTURA DE LIGAÇÃO - EXECUÇÃO (S/TRANSP)","M2",{"v":18521.72,"d":"18,521.72"},0.13,{"v":2407.8236,"d":"2,407.82"}]
[null,"SINAPI",72924,"BASE SOLO BRITA COM 50% DE BRITA (S/TRANSP)","M3",{"v":3704.34,"d":"3,704.34"},44.19,{"v":163694.78459999998,"d":"163,694.78"}]
[null,"SEINFRA","C3217","ESTABILIZAÇÃO GRANULOMÉTRICA DE SOLOS S/ MISTURA DE MATERIAIS (S/TRANSP)","M3",{"v":3704.34,"d":"3,704.34"},14.77,{"v":54713.101800000004,"d":"54,713.10"}]
[null,"SINAPI",72887,"TRANSPORTE COMERCIAL COM CAMINHAO BASCULANTE 6 M3, RODOVIA PAVIMENTADA","M³KM",{"v":96742.83,"d":"96,742.83"},0.75,{"v":72557.1225,"d":"72,557.12"}]
[null,"SEINFRA","I0809","AQUISIÇÃO DE CM-30","T",20.45,{"v":1925,"d":"1,925.00"},{"v":39366.25,"d":"39,366.25"}]
[null,"SEINFRA","I2319","AQUISIÇÃO DE RR-1C","T",7.41,{"v":908,"d":"908.00"},{"v":6728.28,"d":"6,728.28"}]
[null,"SEINFRA","I0001","TRANSPORTE DE CM-30 (Y = 0,28 X + 22,10), DMT=12,90KM","T",20.45,25.71,{"v":525.7695,"d":"525.77"}]
[null,"SEINFRA","I0001","TRANSPORTE DE RR-1C (Y = 0,28 X + 22,10), DMT=12,90KM","T",7.41,25.71,{"v":190.5111,"d":"190.51"}]
[]
[]
["3.4","PAISAGISMO",{"$nulls":5},{"v":21477.971,"d":"21,477.97"}]
["3.1.1","SEINFRA","C1431","GRAMA EM PLACAS - TIPO ESMERALDA","M²",{"v":239.3,"d":"239.30"},8.57,{"v":2050.8010000000004,"d":"2,050.80"}]
["3.1.3","ESPECIFICA","COMP","PALMEIRAS (LUCURIROBA) C/ TUTOR E ADUBO C/ ALTURA DE 2,0 A 3,0M","UND",{"v":23,"d":"23.00"},293.93,{"v":6760.39,"d":"6,760.39"}]
["3.1.4","ESPECIFICA","COMP","ÁRVORE C/ TUTOR , ADUBO C/ ALTUR DE 1,50M A 3,0M","UND",{"v":108,"d":"108.00"},96.93,{"v":10468.44,"d":"10,468.44"}]
["3.1.5","SINAPI","73967/002","PLANTIO DE ARVORE COM ALTURA MAIOR DO QUE 2,00 METROS","UND",{"v":9,"d":"9.00"},67.55,{"v":607.9499999999999,"d":"607.95"}]
["3.1.6","SEINFRA","C2204","RETIRADA DE ÁRVORES","UND",{"v":9,"d":"9.00"},176.71,{"v":1590.39,"d":"1,590.39"}]
[]
["3.5","URABANIZAÇÃO - MOBILIÁRIO URBANO",{"$nulls":5},{"v":25768.05,"d":"25,768.05"}]
["4.1.2","ESPECIFICA","COMP","LIXEIRA COLETORA ECOLÓGICA COM DUAS UNIDADES","UND",{"v":55,"d":"55.00"},468.51,{"v":25768.05,"d":"25,768.05"}]
[]
["3.6","SINALIZAÇÃO ",{"$nulls":5},{"v":94999.09,"d":"94,999.09"}]
["3.6.1","SINALIZAÇÃO VERTICAL",{"$nulls":5},{"v":9966.089999999998,"d":"9,966.09"}]
["4.2.1","SEINFRA","C3302","PLACA INDICATIVA/EDUCATIVA/SERVIÇOS REFLETIVA EM ALUMÍNIO C/ PELÍCULA ANTI-PICHANTE","M²",{"v":2,"d":"2.00"},633.57,{"v":1267.14,"d":"1,267.14"}]
["4.2.2","SEINFRA","C3296","PLACA DE REGULAMENTAÇÃO/ADVERTÊNCIA REFLETIVA EM ALUMÍNIO C/ PELÍCULA ANTI-PICHANTE","M²",{"v":15,"d":"15.00"},579.93,{"v":8698.949999999999,"d":"8,698.95"}]
["3.6.2","SINALIZAÇÃO HORIZONTAL",{"$nulls":5},{"v":85033,"d":"85,033.00"}]
["4.3.1","SINAPI",72947,"FAIXA HORIZONTAL/TINTA REFLETIVA/RESINA ACRÍLICA NA COR BRANCA","M²",{"v":2400,"d":"2,400.00"},14.38,{"v":34512,"d":"34,512.00"}]
["4.3.2","SINAPI",72947,"SÍMBOLOS NO PAVIMENTO/RESINA ACRÍLICA NA COR BRANCA","M²",{"v":1350,"d":"1,350.00"},14.38,{"v":19413,"d":"19,413.00"}]
["4.3.3","SEINFRA","C3117","TACHA REFLETIVA MONODIRECIONAL: FORNECIMENTO/APLICAÇÃO","UND",{"v":2200,"d":"2,200.00"},14.14,{"v":31108,"d":"31,108.00"}]
[]
["3.7","DRENAGEM",{"$nulls":5},{"v":558333.4691,"d":"558,333.47"}]
[null,"SINAPI",73599,"ESCAVAÇÃO MECÂNICA VALAS EM QUALQUER TIPO DE SOLO EXCETO ROCHA, PROF. 0 < H < 4 M","m³",{"v":2320.2,"d":"2,320.20"},6.87,{"v":15939.774,"d":"15,939.77"}]
[null,"SINAPI","74010/001","CARGA E DESCARGA MECÂNICA DE SOLO UTILIZANDO CAMINHÃO BASCULANTE 5,0M³ / 11T E PÁ CARREGADEIRA SOBRE PNEUS * 105 HP * CAP.1,72 M³","m³",{"v":1105.15,"d":"1,105.15"},1.07,{"v":1182.5105,"d":"1,182.51"}]
[null,"SINAPI",83444,"TRANSPORTE DE MATERIAL DE QUALQUER NATUREZA DMT > 10 KM, COM CAMINHAO BASCULANTE DE 4,0 M3","tkm",{"v":22876.61,"d":"22,876.61"},0.72,{"v":16471.1592,"d":"16,471.16"}]
[null,"SINAPI","74015/001","REATERRO E COMPACTAÇÃO MECÂNICA DE VALA COM COMPACTADOR MANUAL TIPO SOQUETE VIBRATÓRIO","m³",{"v":1474.35,"d":"1,474.35"},14.78,{"v":21790.892999999996,"d":"21,790.89"}]
[null,"SINAPI","74138/002","CONCRETO USINADO BOMBEADO FCK=20MPA, INCLUSIVE COLOCAÇÃO, ESPALHAMENTO E ACABAMENTO ","m³",459.77,310.02,{"v":142537.89539999998,"d":"142,537.90"}]
[null,"SINAPI",5651,"FORMA TABUA PARA CONCRETO EM FUNDACAO C/ REAPROVEITAMENTO 5X","m²",{"v":3153.16,"d":"3,153.16"},24.48,{"v":77189.3568,"d":"77,189.36"}]
[null,"SEINFRA","C2923","REBAIXAMENTO DE LENÇOL FREÁTICO EM VALAS","m",731.19,22.68,{"v":16583.3892,"d":"16,583.39"}]
[null,"SEINFRA","C1278","ESGOTAMENTO C/BOMBA ELÉTRICA DE IMERSÃO 1KW ATÉ 8M","m³",{"v":259.2,"d":"259.20"},0.04,{"v":10.368,"d":"10.37"}]
[null,"SEINFRA","C4661","BARBACÃ C/ TUBO PVC ESGOTO 50mm, INCLUSIVE GEOTÊXTIL NÃO-TECIDO 100% POLIÉSTER COM RESISTÊNCIA A TRAÇÃO LONGITUDINAL MÍNIMA DE 8kN/m (BIDIMRT-08 OU SIMILAR) E BRITA","UNID.",{"v":1042.79,"d":"1,042.79"},3.48,{"v":3628.9092,"d":"3,628.91"}]
[null,"SEINF","-","DRENO CORRIDO DE AREIA GROSSA","m³",175.49,57.34,{"v":10062.5966,"d":"10,062.60"}]
[null,"SEINFRA","C1418","FUNGEBAND P/ JUNTAS DE DILATAÇÃO","m",{"v":89.2,"d":"89.20"},75.69,{"v":6751.548,"d":"6,751.55"}]
[null,"SEINF","-","CHAMINÉ P/POÇO DE VISITA DE GALERIA C/ESCADA DE ACESSO","m",{"v":16.3,"d":"16.30"},363.35,{"v":5922.6050000000005,"d":"5,922.61"}]
[null,"SEINF","-","CAIXA DE PASSAGEM TIPO A, INCLUSIVE BARBACÃS, DRENO E AREIA GROSSA","UNID.",{"v":5,"d":"5.00"},{"v":1097.4,"d":"1,097.40"},{"v":5487,"d":"5,487.00"}]
[null,"SEINF","-","CAIXA BOCA DE LOBO INCLUSIVE ESCAVAÇÃO, BARBACÃS E DRENO DE AREIA GROSSA","UNID.",{"v":40,"d":"40.00"},{"v":1739.56,"d":"1,739.56"},{"v":69582.4,"d":"69,582.40"}]
[null,"SINAPI","73942/002","ARMAÇÃO DE AÇO CA 60 DIAM. 3,4 A 6,0MM. - FORNECIMENTO C/ CORTE C/ PERDA DE 10%, /DOBRA/ COLOCAÇÃO","kg",{"v":18377.52,"d":"18,377.52"},6.15,{"v":113021.748,"d":"113,021.75"}]
[null,"SINAPI","73877/001","ESCORAMENTO DE VALAS COM PRANCHÔES METÁLICOS - ÁREA CRAVADA","m²",{"v":1263.51,"d":"1,263.51"},34.62,{"v":43742.716199999995,"d":"43,742.72"}]
[null,"SEINFRA","C2310","TAMPÃO DE FERRO FUNDIDO P/POÇO DE VISITA E CAIXA DE PASSAGEM","UNID.",{"v":20,"d":"20.00"},421.43,{"v":8428.6,"d":"8,428.60"}]
[]
["3.8","LIMPEZA",{"$nulls":5},{"v":25493.6122,"d":"25,493.61"}]
["3.8.1","SINAPI",9537,"LIMPEZA FINAL DA OBRA","M²",{"v":26013.89,"d":"26,013.89"},0.98,{"v":25493.6122,"d":"25,493.61"}]
[]
[]
["4.0","VIAS PERPENDICULARES",{"$nulls":5},{"v":2402016.0421,"d":"2,402,016.04"}]
["4.0","DEMOLIÇÕES/RETIRADA E PRELIMINARES",{"$nulls":5},{"v":223849.18260000003,"d":"223,849.18"}]
["4.1","DEMOLIÇÕES E RETIRADAS",{"$nulls":5},{"v":213971.65010000003,"d":"213,971.65"}]
["4.1.1","PASSEIOS",{"$nulls":5},{"v":111161.76030000001,"d":"111,161.76"}]
[null,"SEINFRA","C3373","RETIRADA DE MEIO FIO DE PEDRA GRANITICA","M",{"v":3548.82,"d":"3,548.82"},4.24,{"v":15046.9968,"d":"15,047.00"}]
[null,"SINAPI","73801/002","DEMOLIÇÃO DE CAMADA DE ASSENTAMENTO/CONTRAPISO COM USO DE PONTEIRO ESP4CM","M²",{"v":6286.09,"d":"6,286.09"},9.31,{"v":58523.4979,"d":"58,523.50"}]
[null,"SINAPI",72898,"CARGA E DESCARGA MECANIZADAS DE ENTULHO EM CAMINHAO BASCULANTE 6 M3","M³",709.73,0.78,{"v":553.5894000000001,"d":"553.59"}]
[null,"SINAPI",72887,"TRANSPORTE COMERCIAL COM CAMINHAO BASCULANTE 6 M3, RODOVIA PAVIMENTADA","M³KM",{"v":18539.82,"d":"18,539.82"},0.75,{"v":13904.865,"d":"13,904.87"}]
[null,"SEINFRA","C2942","RETIRADA DE PAVIMENTAÇÃO EM PEDRA PORTUGUESA","M²",{"v":6286.09,"d":"6,286.09"},3.68,{"v":23132.8112,"d":"23,132.81"}]
[]
["4.1.2","VIAS",{"$nulls":5},{"v":102809.8898,"d":"102,809.89"}]
[null,"SINAPI",72949,"DEMOLICAO DE PAVIMENTACAO ASFALTICA, EXCLUSIVE TRANSPORTE DO MATERIAL RETIRADO","M³",857.68,16.64,{"v":14271.7952,"d":"14,271.80"}]
[null,"SINAPI","63565/001","DEMOLIÇÃO DE PAVIMENTO EM PARALELEPÍPEDO C/ REMOÇÃO LATERAL","M²",{"v":12089.54,"d":"12,089.54"},3.03,{"v":36631.3062,"d":"36,631.31"}]
[null,"SINAPI","63565/001","DEMOLIÇÃO DE PAVIMENTO EM PEDRA TOSCA C/ REMOÇÃO LATERAL","M²",{"v":12089.54,"d":"12,089.54"},3.03,{"v":36631.3062,"d":"36,631.31"}]
[null,"SINAPI",72898,"CARGA E DESCARGA MECANIZADAS DE ENTULHO EM CAMINHAO BASCULANTE 6 M3","M³",{"v":5605.68,"d":"5,605.68"},0.79,{"v":4428.4872000000005,"d":"4,428.49"}]
[null,"SINAPI",72887,"TRANSPORTE COMERCIAL COM CAMINHAO BASCULANTE 6 M3, RODOVIA PAVIMENTADA","M³KM",{"v":14462.66,"d":"14,462.66"},0.75,{"v":10846.994999999999,"d":"10,847.00"}]
[]
["4.2","SERVIÇOS PRELIMINARES",{"$nulls":5},{"v":9877.532500000001,"d":"9,877.53"}]
[null,"SEINFRA","C2873","LOCAÇÃO DA OBRA COM AUXILIO TOPOGRAFICO","M²",{"v":18375.73,"d":"18,375.73"},0.25,{"v":4593.9325,"d":"4,593.93"}]
[null,"SINAPI","74209/001","PLACA DE OBRAS EM CHAPA DE AÇO GALVANIZADA","M²",{"v":20,"d":"20.00"},264.18,{"v":5283.6,"d":"5,283.60"}]
[]
["4.3","PAVIMENTAÇÃO",{"$nulls":5},{"v":1397495.2153,"d":"1,397,495.22"}]
["4.3.1","PASSEIOS",{"$nulls":5},{"v":1042910.0549,"d":"1,042,910.05"}]
[null,"SINAPI","73919/002","CONTRA-PISO EM ARGAMASSA TRAÇO 1:4 (CIMENTO E AREIA) ESPESSURA=5 CM","M²",{"v":6286.09,"d":"6,286.09"},22.32,{"v":140305.5288,"d":"140,305.53"}]
[null,"SINAPE","73920/002","REGULARIZAÇÃO DE PISO/BASE EM ARGAMASSA TRAÇO 1:3 (CIMENTO E AREIA) ESPESSURA=3 CM","M²",{"v":6286.09,"d":"6,286.09"},14.97,{"v":94102.7673,"d":"94,102.77"}]
[null,"SEINF",null,"PEDRA CARIRI DE ALTO TRAFÉGO EXTRAIDA DE BLOCOS DE MATACÃO (40 X 40) CM ESP=2CM PADRÃO BEIRA MAR","M²",{"v":6286.09,"d":"6,286.09"},76.22,{"v":479125.7798,"d":"479,125.78"}]
[null,"SINAPI",72948,"COLCHÃO DE AREIA PARA PAVIMENTAÇÃO","M³",{"v":314.3,"d":"314.30"},41.02,{"v":12892.586000000001,"d":"12,892.59"}]
[null,"SINAPI",72961,"REGULARIZAÇÃO E COMPACTAÇÃO DO SUB-LEITO","M²",{"v":6286.09,"d":"6,286.09"},1.15,{"v":7229.0035,"d":"7,229.00"}]
[null,"SINAPI",72924,"BASE SOLO BRITA COM 50% DE BRITA (S/TRANSP)","M³",{"v":1257.22,"d":"1,257.22"},44.18,{"v":55543.9796,"d":"55,543.98"}]
[null,"SEINFRA","C3217","ESTABILIZAÇÃO GRANULOMÉTRICA DE SOLOS S/ MISTURA DE MATERIAIS (S/TRANSP)","M³",{"v":1257.22,"d":"1,257.22"},14.77,{"v":18569.1394,"d":"18,569.14"}]
[null,"SINAPI","74223/001 (adaptado)","MEIO-FIO (GUIA) DE CONCRETO PRE-MOLDADO, DIMENSÕES 10X30X100CM (FACEXALTURAXCOMPRIMENTO),REJUNTADO C/ARGAMASSA 1:4 CIMENTO:AREIA, INCLUINDO ESCAVAÇÃO E REATERRO.","M",{"v":3548.82,"d":"3,548.82"},25.22,{"v":89501.2404,"d":"89,501.24"}]
[null,"SEINFRA","C3112","SARJETA DE CONCRETO SIMPLES C/L=1,00m/E=0,08m","M",{"v":3548.82,"d":"3,548.82"},32.18,{"v":114201.0276,"d":"114,201.03"}]
[null,"SINAPI",73481,"ESCAVAÇÃO MANUAL DE VALAS EM TERRA COMPACTA","M³",null,15.84,{"v":0,"d":"0.00"}]
[null,"SINAPI",72887,"TRANSPORTE COMERCIAL COM CAMINHAO BASCULANTE 6 M3, RODOVIA PAVIMENTADA","M³KM",{"v":41918.67,"d":"41,918.67"},0.75,{"v":31439.0025,"d":"31,439.00"}]
[]
["4.3.2","VIAS",{"$nulls":5},{"v":354585.1604,"d":"354,585.16"}]
[null,"SEINFRA","C3155","CONCRETO BETUMINOSO USINADO A QUENTE-CBUQ (S/TRANSPORTE)","M3",846.26,128.09,{"v":108397.4434,"d":"108,397.44"}]
[null,"SEINFRA","C3221","IMPRIMAÇÃO - EXECUÇÃO (S/TRANSP)","M2",{"v":12089.54,"d":"12,089.54"},0.23,{"v":2780.5942000000005,"d":"2,780.59"}]
[null,"SEINFRA","C3228","PINTURA DE LIGAÇÃO - EXECUÇÃO (S/TRANSP)","M2",{"v":12089.54,"d":"12,089.54"},0.13,{"v":1571.6402000000003,"d":"1,571.64"}]
[null,"SINAPI",72924,"BASE SOLO BRITA COM 50% DE BRITA (S/TRANSP)","M3",{"v":2417.87,"d":"2,417.87"},44.19,{"v":106845.67529999999,"d":"106,845.68"}]
[null,"SINAPI","58703/001","ESTABILIZAÇÃO GRANULOMÉTRICA DE SOLOS S/ MISTURA DE MATERIAIS (S/TRANSP)","M3",{"v":2417.87,"d":"2,417.87"},14.77,{"v":35711.9399,"d":"35,711.94"}]
[null,"SINAPI",72887,"TRANSPORTE COMERCIAL COM CAMINHAO BASCULANTE 6 M3, RODOVIA PAVIMENTADA","M³KM",{"v":91622.31,"d":"91,622.31"},0.75,{"v":68716.7325,"d":"68,716.73"}]
[null,"SEINFRA","I0809","AQUISIÇÃO DE CM-30","T",13.35,{"v":1925,"d":"1,925.00"},{"v":25698.75,"d":"25,698.75"}]
[null,"SEINFRA","I2319","AQUISIÇÃO DE RR-1C","T",4.84,{"v":908,"d":"908.00"},{"v":4394.72,"d":"4,394.72"}]
[null,"SEINFRA","I0001","TRANSPORTE DE CM-30 (Y = 0,28 X + 22,10), DMT=12,90KM","T",13.35,25.71,{"v":343.2285,"d":"343.23"}]
[null,"SEINFRA","I0001","TRANSPORTE DE RR-1C (Y = 0,28 X + 22,10), DMT=12,90KM","T",4.84,25.71,{"v":124.4364,"d":"124.44"}]
[]
[]
["4.4","PAISAGISMO",{"$nulls":5},{"v":21477.971,"d":"21,477.97"}]
[null,"SEINFRA","C1431","GRAMA EM PLACAS - TIPO ESMERALDA","M²",{"v":239.3,"d":"239.30"},8.57,{"v":2050.8010000000004,"d":"2,050.80"}]
[null,"ESPECIFICA","COMP","PALMEIRAS (CARNAÚBA) C/ TUTOR E ADUBO C/ ALTURA DE 2,0 A 3,0M","UND",null,353.93,{"v":0,"d":"0.00"}]
[null,"ESPECIFICA","COMP","PALMEIRAS (LUCURIROBA) C/ TUTOR E ADUBO C/ ALTURA DE 2,0 A 3,0M","UND",{"v":23,"d":"23.00"},293.93,{"v":6760.39,"d":"6,760.39"}]
[null,"ESPECIFICA","COMP","ÁRVORE C/ TUTOR , ADUBO C/ ALTUR DE 1,50M A 3,0M","UND",{"v":108,"d":"108.00"},96.93,{"v":10468.44,"d":"10,468.44"}]
[null,"SINAPI","73967/002","PLANTIO DE ARVORE COM ALTURA MAIOR DO QUE 2,00 METROS","UND",{"v":9,"d":"9.00"},67.55,{"v":607.9499999999999,"d":"607.95"}]
[null,"SEINFRA","C2204","RETIRADA DE ÁRVORES","UND",{"v":9,"d":"9.00"},176.71,{"v":1590.39,"d":"1,590.39"}]
[]
["4.5","URABANIZAÇÃO - MOBILIÁRIO URBANO",{"$nulls":5},{"v":25768.05,"d":"25,768.05"}]
[null,"ESPECIFICA","COMP","LIXEIRA COLETORA ECOLÓGICA COM DUAS UNIDADES","UND",{"v":55,"d":"55.00"},468.51,{"v":25768.05,"d":"25,768.05"}]
[]
["4.6","SINALIZAÇÃO ",{"$nulls":5},{"v":94999.09,"d":"94,999.09"}]
["4.6.1","SINALIZAÇÃO VERTICAL",{"$nulls":5},{"v":9966.089999999998,"d":"9,966.09"}]
[null,"SEINFRA","C3302","PLACA INDICATIVA/EDUCATIVA/SERVIÇOS REFLETIVA EM ALUMÍNIO C/ PELÍCULA ANTI-PICHANTE","M²",{"v":2,"d":"2.00"},633.57,{"v":1267.14,"d":"1,267.14"}]
[null,"SEINFRA","C3296","PLACA DE REGULAMENTAÇÃO/ADVERTÊNCIA REFLETIVA EM ALUMÍNIO C/ PELÍCULA ANTI-PICHANTE","M²",{"v":15,"d":"15.00"},579.93,{"v":8698.949999999999,"d":"8,698.95"}]
["4.6.2","SINALIZAÇÃO HORIZONTAL",{"$nulls":5},{"v":85033,"d":"85,033.00"}]
[null,"SINAPI",72947,"FAIXA HORIZONTAL/TINTA REFLETIVA/RESINA ACRÍLICA NA COR BRANCA","M²",{"v":2400,"d":"2,400.00"},14.38,{"v":34512,"d":"34,512.00"}]
[null,"SINAPI",72947,"SÍMBOLOS NO PAVIMENTO/RESINA ACRÍLICA NA COR BRANCA","M²",{"v":1350,"d":"1,350.00"},14.38,{"v":19413,"d":"19,413.00"}]
[null,"SEINFRA","C3117","TACHA REFLETIVA MONODIRECIONAL: FORNECIMENTO/APLICAÇÃO","UND",{"v":2200,"d":"2,200.00"},14.14,{"v":31108,"d":"31,108.00"}]
[]
["4.7","DRENAGEM",{"$nulls":5},{"v":620418.3178,"d":"620,418.32"}]
["4.7.1",null,null,"TRECHO: AVENIDA PESSOA ANTA",{"$nulls":3},{"v":365665.312,"d":"365,665.31"}]
[null,"SINAPI",73599,"ESCAVAÇÃO MECÂNICA VALAS EM QUALQUER TIPO DE SOLO EXCETO ROCHA, PROF. 0 < H < 4 M","m³",{"v":1635.5,"d":"1,635.50"},6.87,{"v":11235.885,"d":"11,235.89"}]
[null,"SINAPI","74010/001","CARGA E DESCARGA MECÂNICA DE SOLO UTILIZANDO CAMINHÃO BASCULANTE 5,0M³ / 11T E PÁ CARREGADEIRA SOBRE PNEUS * 105 HP * CAP.1,72 M³","m³",827.29,1.07,{"v":885.2003,"d":"885.20"}]
[null,"SINAPI",83444,"TRANSPORTE DE MATERIAL DE QUALQUER NATUREZA DMT > 10 KM, COM CAMINHAO BASCULANTE DE 4,0 M3","tkm",{"v":17124.9,"d":"17,124.90"},0.72,{"v":12329.928,"d":"12,329.93"}]
[null,"SINAPI","74015/001","REATERRO E COMPACTAÇÃO MECÂNICA DE VALA COM COMPACTADOR MANUAL TIPO SOQUETE VIBRATÓRIO","m³",963.73,14.78,{"v":14243.929399999999,"d":"14,243.93"}]
[null,"SINAPI","74138/002","CONCRETO USINADO BOMBEADO FCK=20MPA, INCLUSIVE COLOCAÇÃO, ESPALHAMENTO E ACABAMENTO ","m³",264.65,310.02,{"v":82046.79299999999,"d":"82,046.79"}]
[null,"SINAPI",5651,"FORMA TABUA PARA CONCRETO EM FUNDACAO C/ REAPROVEITAMENTO 5X","m²",{"v":2496.59,"d":"2,496.59"},24.48,{"v":61116.5232,"d":"61,116.52"}]
[null,"SEINFRA","C2923","REBAIXAMENTO DE LENÇOL FREÁTICO EM VALAS","m",{"v":544,"d":"544.00"},22.68,{"v":12337.92,"d":"12,337.92"}]
[null,"SEINFRA","C1278","ESGOTAMENTO C/BOMBA ELÉTRICA DE IMERSÃO 1KW ATÉ 8M","m³",158.21,0.04,{"v":6.3284,"d":"6.33"}]
[null,"SEINFRA","C4661","BARBACÃ C/ TUBO PVC ESGOTO 50mm, INCLUSIVE GEOTÊXTIL NÃO-TECIDO 100% POLIÉSTER COM RESISTÊNCIA A TRAÇÃO LONGITUDINAL MÍNIMA DE 8kN/m (BIDIMRT-08 OU SIMILAR) E BRITA","UNID.",{"v":783,"d":"783.00"},3.48,{"v":2724.84,"d":"2,724.84"}]
[null,"SINAPI","73877/001","ESCORAMENTO DE VALAS COM PRANCHÔES METÁLICOS - ÁREA CRAVADA","m²",476.04,34.62,{"v":16480.5048,"d":"16,480.50"}]
[null,"SEINF","-","DRENO CORRIDO DE AREIA GROSSA","m³",130.56,57.34,{"v":7486.3104,"d":"7,486.31"}]
[null,"SEINFRA","C1418","FUNGEBAND P/ JUNTAS DE DILATAÇÃO","m",{"v":78.9,"d":"78.90"},75.69,{"v":5971.941,"d":"5,971.94"}]
[null,"SEINF","-","CHAMINÉ P/POÇO DE VISITA DE GALERIA C/ESCADA DE ACESSO","m",{"v":5.9,"d":"5.90"},363.35,{"v":2143.7650000000003,"d":"2,143.77"}]
[null,"SEINF","-","CAIXA DE PASSAGEM TIPO A, INCLUSIVE BARBACÃS, DRENO E AREIA GROSSA","UNID.",{"v":2,"d":"2.00"},{"v":1097.4,"d":"1,097.40"},{"v":2194.8,"d":"2,194.80"}]
[null,"SEINF","-","CAIXA BOCA DE LOBO INCLUSIVE ESCAVAÇÃO, BARBACÃS E DRENO DE AREIA GROSSA","UNID.",{"v":24,"d":"24.00"},{"v":1739.56,"d":"1,739.56"},{"v":41749.44,"d":"41,749.44"}]
[null,"SINAPI","73942/002","ARMAÇÃO DE AÇO CA 60 DIAM. 3,4 A 6,0MM. - FORNECIMENTO C/ CORTE C/ PERDA DE 10%, /DOBRA/ COLOCAÇÃO","kg",{"v":14252.69,"d":"14,252.69"},6.15,{"v":87654.04350000001,"d":"87,654.04"}]
[null,"SEINFRA","C2310","TAMPÃO DE FERRO FUNDIDO P/POÇO DE VISITA E CAIXA DE PASSAGEM","UNID.",{"v":12,"d":"12.00"},421.43,{"v":5057.16,"d":"5,057.16"}]
[]
["4.7.2",null,null,"TRECHO: AVENIDA BEIRA MAR",{"$nulls":3},{"v":254753.00579999998,"d":"254,753.01"}]
[null,"SINAPI",73599,"ESCAVAÇÃO MECÂNICA VALAS EM QUALQUER TIPO DE SOLO EXCETO ROCHA, PROF. 0 < H < 4 M","m³",{"v":1324.46,"d":"1,324.46"},6.87,{"v":9099.040200000001,"d":"9,099.04"}]
[null,"SINAPI","74010/001","CARGA E DESCARGA MECÂNICA DE SOLO UTILIZANDO CAMINHÃO BASCULANTE 5,0M³ / 11T E PÁ CARREGADEIRA SOBRE PNEUS * 105 HP * CAP.1,72 M³","m³",521.88,1.07,{"v":558.4116,"d":"558.41"}]
[null,"SINAPI",83444,"TRANSPORTE DE MATERIAL DE QUALQUER NATUREZA DMT > 10 KM, COM CAMINHAO BASCULANTE DE 4,0 M3","tkm",{"v":10802.92,"d":"10,802.92"},0.72,{"v":7778.1024,"d":"7,778.10"}]
[null,"SINAPI","74015/001","REATERRO E COMPACTAÇÃO MECÂNICA DE VALA COM COMPACTADOR MANUAL TIPO SOQUETE VIBRATÓRIO","m³",873.86,14.78,{"v":12915.6508,"d":"12,915.65"}]
[null,"SINAPI","74138/002","CONCRETO USINADO BOMBEADO FCK=20MPA, INCLUSIVE COLOCAÇÃO, ESPALHAMENTO E ACABAMENTO ","m³",216.85,310.02,{"v":67227.837,"d":"67,227.84"}]
[null,"SINAPI",5651,"FORMA TABUA PARA CONCRETO EM FUNDACAO C/ REAPROVEITAMENTO 5X","m²",{"v":1696.07,"d":"1,696.07"},24.48,{"v":41519.7936,"d":"41,519.79"}]
[null,"SEINFRA","C2923","REBAIXAMENTO DE LENÇOL FREÁTICO EM VALAS","m",404.53,22.68,{"v":9174.740399999999,"d":"9,174.74"}]
[null,"SEINFRA","C1278","ESGOTAMENTO C/BOMBA ELÉTRICA DE IMERSÃO 1KW ATÉ 8M","m³",324.14,0.04,{"v":12.9656,"d":"12.97"}]
[null,"SEINFRA","C4661","BARBACÃ C/ TUBO PVC ESGOTO 50mm, INCLUSIVE GEOTÊXTIL NÃO-TECIDO 100% POLIÉSTER COM RESISTÊNCIA A TRAÇÃO LONGITUDINAL MÍNIMA DE 8kN/m (BIDIMRT-08 OU SIMILAR) E BRITA","UNID.",{"v":570.8,"d":"570.80"},3.48,{"v":1986.3839999999998,"d":"1,986.38"}]
[null,"SEINF","-","DRENO CORRIDO DE AREIA GROSSA","m³",97.08,57.34,{"v":5566.5672,"d":"5,566.57"}]
[null,"SEINF","-","CHAMINÉ P/POÇO DE VISITA DE GALERIA C/ESCADA DE ACESSO","m",{"v":16.3,"d":"16.30"},363.35,{"v":5922.6050000000005,"d":"5,922.61"}]
[null,"SEINF","-","CAIXA DE PASSAGEM TIPO A, INCLUSIVE BARBACÃS, DRENO E AREIA GROSSA","UNID.",{"v":3,"d":"3.00"},{"v":1097.4,"d":"1,097.40"},{"v":3292.2000000000003,"d":"3,292.20"}]
[null,"SEINF","-","CAIXA COM GRELHA","UNID.",{"v":13,"d":"13.00"},274.42,{"v":3567.46,"d":"3,567.46"}]
[null,"SEINF","-","CAIXA BOCA DE LOBO INCLUSIVE ESCAVAÇÃO, BARBACÃS E DRENO DE AREIA GROSSA","UNID.",{"v":11,"d":"11.00"},{"v":1739.56,"d":"1,739.56"},{"v":19135.16,"d":"19,135.16"}]
[null,"SINAPI","73942/002","ARMAÇÃO DE AÇO CA 60 DIAM. 3,4 A 6,0MM. - FORNECIMENTO C/ CORTE C/ PERDA DE 10%, /DOBRA/ COLOCAÇÃO","kg",{"v":9934.32,"d":"9,934.32"},6.15,{"v":61096.068,"d":"61,096.07"}]
[null,"SEINFRA","C2310","TAMPÃO DE FERRO FUNDIDO P/POÇO DE VISITA E CAIXA DE PASSAGEM","UNID.",{"v":14,"d":"14.00"},421.43,{"v":5900.02,"d":"5,900.02"}]
[]
[]
["4.8","LIMPEZA",{"$nulls":5},{"v":18008.2154,"d":"18,008.22"}]
["4.8.1","SINAPI",9537,"LIMPEZA FINAL DA OBRA","M²",{"v":18375.73,"d":"18,375.73"},0.98,{"v":18008.2154,"d":"18,008.22"}]
[]
[]
["TOTAL",{"$nulls":6},{"v":8872050.802899998,"d":"8,872,050.80"}]
["BONIFICAÇÃO (BDI = 20%)",{"$nulls":6},{"v":1774410.1605799997,"d":"1,774,410.16"}]
["TOTAL GERAL",{"$nulls":6},{"v":10646460.963479998,"d":"10,646,460.96"}]
[]
[]
["IMPORTA O PRESENTE ORÇAMENTO EM R$ 10.646.460,96 (DEZ MILHÕES SEISCENTOS E QUARENTA E SEIS MIL QUATROCENTOS E SESSENTA REAIS E NOVENTA E SEIS CENTAVOS)"]

{"sheet":"Cronograma","index":1,"n_rows":23,"n_cols":31,"rows_kept":23,"merged":[[0,0,4,2],[0,3,0,27],[1,3,1,27],[2,3,3,27],[4,3,4,27],[6,0,6,27],[8,0,8,2],[8,4,8,5],[8,6,8,7],[8,8,8,9],[8,10,8,11],[8,12,8,13],[8,14,8,15],[8,16,8,17],[8,18,8,19],[8,20,8,21],[8,22,8,23],[8,24,8,25],[8,26,8,27],[21,0,21,1],[22,0,22,1]],"flags":["formulas_cached_only"]}
[{"$nulls":3},"PREFEITURA MUNICIPAL DE FORTALEZA"]
[{"$nulls":3},"SER II - SECRETARIA EXECUTIVA REGIONAL II                                                                                                                   DATA: 24/04/2014"]
[{"$nulls":3},"REFORMA DAS AVENIDAS HISTORIADOR RAIMUNDO GIRÃO, PESSOA ANTA, ALMIRANTE BARROSO, RUAS PERPENDICULARES E RUAS PARALELAS"]
[]
[{"$nulls":3},"CRONOGRAMA FÍSICO-FINANCEIRO"]
[]
["CRONOGRAMA FISICO FINANCEIRO"]
[]
[{"$nulls":4},"30 DIAS",null,"60 DIAS",null,"90 DIAS",null,"120 DIAS",null,"150 DIAS",null,"180 DIAS",null,"210 DIAS",null,"240 DIAS",null,"270 DIAS",null,"300 DIAS",null,"330 DIAS",null,"360 DIAS",null,"TOTAL"]
["ITEM","DISCRIMINAÇÃO","TOTAL EM R$","%","VALOR","%","VALOR","%","VALOR","%","VALOR","%","VALOR","%","VALOR","%","VALOR","%","VALOR","%","VALOR","%","VALOR","%","VALOR","%","VALOR","%"]
[]
["01","SERVIÇOS INICIAIS",{"v":644439.156,"d":"644,439.16"},{"v":0.06053083352498387,"d":"6.05%"},{"v":32221.96,"d":"32,221.96"},{"v":0.05,"d":"5.00%"},{"v":32221.96,"d":"32,221.96"},{"v":0.05,"d":"5.00%"},{"v":32221.96,"d":"32,221.96"},{"v":0.05,"d":"5.00%"},{"v":32221.96,"d":"32,221.96"},{"v":0.05,"d":"5.00%"},{"v":96665.87,"d":"96,665.87"},{"v":0.15,"d":"15.00%"},{"v":96665.87,"d":"96,665.87"},{"v":0.15,"d":"15.00%"},{"v":96665.87,"d":"96,665.87"},{"v":0.15,"d":"15.00%"},{"v":64443.92,"d":"64,443.92"},{"v":0.1,"d":"10.00%"},{"v":64443.92,"d":"64,443.92"},{"v":0.1,"d":"10.00%"},{"v":32221.96,"d":"32,221.96"},{"v":0.05,"d":"5.00%"},{"v":32221.96,"d":"32,221.96"},{"v":0.05,"d":"5.00%"},{"v":32221.96,"d":"32,221.96"},{"v":0.05,"d":"5.00%"},{"v":1.0000000000000002,"d":"1.00"}]
[]
["02","VIA ALMIRANTE BARROSO",{"v":4051529.441759999,"d":"4,051,529.44"},{"v":0.3805517586531401,"d":"38.06%"},{"v":202576.47,"d":"202,576.47"},{"v":0.05,"d":"5.00%"},{"v":202576.47,"d":"202,576.47"},{"v":0.05,"d":"5.00%"},{"v":202576.47,"d":"202,576.47"},{"v":0.05,"d":"5.00%"},{"v":607729.42,"d":"607,729.42"},{"v":0.15,"d":"15.00%"},{"v":607729.42,"d":"607,729.42"},{"v":0.15,"d":"15.00%"},{"v":607729.42,"d":"607,729.42"},{"v":0.15,"d":"15.00%"},{"v":607729.42,"d":"607,729.42"},{"v":0.15,"d":"15.00%"},{"v":607729.42,"d":"607,729.42"},{"v":0.15,"d":"15.00%"},{"v":121545.88,"d":"121,545.88"},{"v":0.03,"d":"3.00%"},{"v":121545.88,"d":"121,545.88"},{"v":0.03,"d":"3.00%"},{"v":81030.59,"d":"81,030.59"},{"v":0.02,"d":"2.00%"},{"v":81030.59,"d":"81,030.59"},{"v":0.02,"d":"2.00%"},{"v":1.0000000000000002,"d":"1.00"}]
[]
["03","VIA HISTORIADOR RAIMUNDO GIRÃO",{"v":3068073.1152,"d":"3,068,073.12"},{"v":0.288177745330313,"d":"28.82%"},{"v":460210.97,"d":"460,210.97"},{"v":0.15,"d":"15.00%"},{"v":460210.97,"d":"460,210.97"},{"v":0.15,"d":"15.00%"},{"v":460210.97,"d":"460,210.97"},{"v":0.15,"d":"15.00%"},{"v":460210.97,"d":"460,210.97"},{"v":0.15,"d":"15.00%"},{"v":460210.97,"d":"460,210.97"},{"v":0.15,"d":"15.00%"},{"v":153403.66,"d":"153,403.66"},{"v":0.05,"d":"5.00%"},{"v":153403.66,"d":"153,403.66"},{"v":0.05,"d":"5.00%"},{"v":153403.66,"d":"153,403.66"},{"v":0.05,"d":"5.00%"},{"v":153403.66,"d":"153,403.66"},{"v":0.05,"d":"5.00%"},{"v":153403.66,"d":"153,403.66"},{"v":0.05,"d":"5.00%"},0,null,0,null,{"v":1,"d":"1.00"}]
[]
["04","VIAS PERPENDICULARES",{"v":2882419.2505200002,"d":"2,882,419.25"},{"v":0.27073966281843204,"d":"27.07%"},{"v":201769.35,"d":"201,769.35"},{"v":0.07,"d":"7.00%"},{"v":201769.35,"d":"201,769.35"},{"v":0.07,"d":"7.00%"},{"v":201769.35,"d":"201,769.35"},{"v":0.07,"d":"7.00%"},{"v":201769.35,"d":"201,769.35"},{"v":0.07,"d":"7.00%"},{"v":288241.93,"d":"288,241.93"},{"v":0.1,"d":"10.00%"},{"v":576483.85,"d":"576,483.85"},{"v":0.2,"d":"20.00%"},{"v":288241.93,"d":"288,241.93"},{"v":0.1,"d":"10.00%"},{"v":288241.93,"d":"288,241.93"},{"v":0.1,"d":"10.00%"},{"v":288241.93,"d":"288,241.93"},{"v":0.1,"d":"10.00%"},{"v":144120.96,"d":"144,120.96"},{"v":0.05,"d":"5.00%"},{"v":144120.96,"d":"144,120.96"},{"v":0.05,"d":"5.00%"},{"v":57648.39,"d":"57,648.39"},{"v":0.02,"d":"2.00%"},{"v":1.0000000000000002,"d":"1.00"}]
[]
[]
[]
["TOTAL",null,{"v":10646460.96,"d":"10,646,460.96"},null,{"v":896778.7499999999,"d":"896,778.75"},{"v":0.08423256830314811,"d":"8.42%"},{"v":896778.7499999999,"d":"896,778.75"},{"v":0.08423256830314811,"d":"8.42%"},{"v":896778.7499999999,"d":"896,778.75"},{"v":0.08423256830314811,"d":"8.42%"},{"v":1301931.7000000002,"d":"1,301,931.70"},{"v":0.1222877447154984,"d":"12.23%"},{"v":1452848.19,"d":"1,452,848.19"},{"v":0.13646301765990787,"d":"13.65%"},{"v":1434282.8,"d":"1,434,282.80"},{"v":0.13471920907696636,"d":"13.47%"},{"v":1146040.8800000001,"d":"1,146,040.88"},{"v":0.10764524326964704,"d":"10.76%"},{"v":1113818.9300000002,"d":"1,113,818.93"},{"v":0.10461870232603568,"d":"10.46%"},{"v":627635.3899999999,"d":"627,635.39"},{"v":0.05895249063121534,"d":"5.90%"},{"v":451292.45999999996,"d":"451,292.46"},{"v":0.04238896490538579,"d":"4.24%"},{"v":257373.50999999998,"d":"257,373.51"},{"v":0.02417456006902034,"d":"2.42%"},{"v":170900.94,"d":"170,900.94"},{"v":0.016052370890392104,"d":"1.61%"},null,null,{"v":0,"d":"0%"}]
["TOTAL ACUMULADO",null,{"v":10646460.96,"d":"10,646,460.96"},{"v":1.000000000326869,"d":"100.00%"},{"v":896778.7499999999,"d":"896,778.75"},{"v":0.08423256830314811,"d":"8.42%"},{"v":1793557.4999999998,"d":"1,793,557.50"},{"v":0.16846513660629622,"d":"16.85%"},{"v":2690336.2499999995,"d":"2,690,336.25"},{"v":0.2526977049094443,"d":"25.27%"},{"v":3992267.9499999997,"d":"3,992,267.95"},{"v":0.37498544962494273,"d":"37.50%"},{"v":5445116.14,"d":"5,445,116.14"},{"v":0.5114484672848506,"d":"51.14%"},{"v":6879398.9399999995,"d":"6,879,398.94"},{"v":0.6461676763618169,"d":"64.62%"},{"v":8025439.819999999,"d":"8,025,439.82"},{"v":0.753812919631464,"d":"75.38%"},{"v":9139258.75,"d":"9,139,258.75"},{"v":0.8584316219574997,"d":"85.84%"},{"v":9766894.14,"d":"9,766,894.14"},{"v":0.917384112588715,"d":"91.74%"},{"v":10218186.600000001,"d":"10,218,186.60"},{"v":0.9597730774941008,"d":"95.98%"},{"v":10475560.110000001,"d":"10,475,560.11"},{"v":0.9839476375631211,"d":"98.39%"},{"v":10646460.96,"d":"10,646,460.96"},{"v":1.0000000084535132,"d":"100.00%"}]

{"sheet":"Resumo","index":2,"n_rows":40,"n_cols":7,"rows_kept":40,"merged":[[0,1,0,5],[1,1,1,5],[2,1,3,5],[4,1,4,5],[6,0,7,0],[6,1,7,4],[6,5,7,5],[6,6,7,6],[39,1,39,4]],"flags":["formulas_cached_only"]}
[55,"PREFEITURA MUNICIPAL DE FORTALEZA"]
[null,"SER II - SECRETARIA EXECUTIVA REGIONAL II"]
[null,"OBJETO: REQUALIFICAÇÃO DA PRAIA DE IRACEMA"]
[]
[null,"RESUMO DA PLANILHA DE QUANTITATIVOS E PREÇOS UNITÁRIOS"]
[]
["ITEM","DESCRIÇÃO",{"$nulls":3},"TOTAL (R$)","%"]
[]
[]
[1,"SERVIÇOS INICIAIS",{"$nulls":3},{"v":644439.156,"d":"644,439.16"},{"v":0.0531,"d":"5.31%"}]
[]
[2,"VIA ALMIRANTE BARROSO",{"$nulls":3},{"v":4051529.441759999,"d":"4,051,529.44"},{"v":0.3522,"d":"35.22%"}]
[]
[3,"VIA HISTORIADOR RAIMUNDO GIRÃO",{"$nulls":3},{"v":3068073.1152,"d":"3,068,073.12"},{"v":0.284,"d":"28.40%"}]
[]
[4,"VIAS PERPENDICULARES",{"$nulls":3},{"v":2882419.2505200002,"d":"2,882,419.25"},{"v":0.246,"d":"24.6%"}]
[]
[5,"ESTUDOS ARQUEOLOGICOS",{"$nulls":3},{"$error":"#REF!"},{"v":0.0647,"d":"6.47%"}]
[]
[{"$nulls":3},"total",null,{"$error":"#REF!"},{"v":1,"d":"100.0%"}]
{"$rows_empty":19}
[null,"TOTAL GERAL",{"$nulls":3},{"$error":"#REF!"},{"v":2,"d":"200%"}]

{"sheet":"COMPOSIÇÕES","index":3,"n_rows":99,"n_cols":9,"rows_kept":99,"merged":[[1,2,5,3],[1,4,1,7],[2,4,2,7],[3,4,4,7],[5,4,5,7]],"flags":["formulas_cached_only"]}
[]
[{"$nulls":4},"PREFEITURA MUNICIPAL DE FORTALEZA"]
[{"$nulls":4},"SER II - SECRETARIA EXECUTIVA REGIONAL II"]
[{"$nulls":4},"REQUALIFICAÇÃO DA PRAIA DE IRACEMA - TRECHO: AV. PESSSOA ANTA - AV. HISTORIADOR RAIMUNDO GIRÃO / SEGMENTO: AV. ALBERTO NEOPUCENO - AV. BARÃO DE STUDART"]
[]
[]
[]
[]
[null,null,"1.0",null,"ADMINISTRAÇÃO LOCAL","UN","CONSUMO","P.UNIT","P.TOTAL"]
[null,null,"I8583",null,"ENGENHEIRO PLENO","MÊS",{"v":1,"d":"1.00"},{"v":14627.03,"d":"14,627.03"},{"v":14627.03,"d":"14,627.03"}]
[null,null,"I8590",null,"ENCARREGADO GERAL/MESTRE DE OBRAS","MÊS",{"v":1,"d":"1.00"},{"v":4521.09,"d":"4,521.09"},{"v":4521.09,"d":"4,521.09"}]
[null,null,"I8600",null,"ALMOXARIFE","MÊS",{"v":1,"d":"1.00"},{"v":3280,"d":"3,280.00"},{"v":3280,"d":"3,280.00"}]
[null,null,"I8617",null,"VIGIA","MÊS",{"v":1,"d":"1.00"},{"v":1462.7,"d":"1,462.70"},{"v":1462.7,"d":"1,462.70"}]
[null,null,"I8610",null,"COMPUTADOR","MÊS",{"v":1,"d":"1.00"},{"v":170,"d":"170.00"},{"v":170,"d":"170.00"}]
[null,null,"I8611",null,"IMPRESSORA","MÊS",{"v":1,"d":"1.00"},{"v":15,"d":"15.00"},{"v":15,"d":"15.00"}]
[null,null,"I8616",null,"INTERNET","MÊS",{"v":1,"d":"1.00"},{"v":130,"d":"130.00"},{"v":130,"d":"130.00"}]
[null,null,"I8613",null,"TELEFONE FIXO","MÊS",{"v":1,"d":"1.00"},{"v":255,"d":"255.00"},{"v":255,"d":"255.00"}]
[null,null,"I2463",null,"VALE REFEIÇÃO","MÊS",{"v":600,"d":"600.00"},{"v":10,"d":"10.00"},{"v":6000,"d":"6,000.00"}]
[null,null,"I8605",null,"VALE TRANSPORTE","MÊS",{"v":2640,"d":"2,640.00"},{"v":2.2,"d":"2.20"},{"v":5808.000000000001,"d":"5,808.00"}]
[]
[]
[]
[{"$nulls":4},"PREÇO TOTAL MÊS",{"$nulls":3},{"v":36268.82000000001,"d":"36,268.82"}]
[]
[]
[]
[]
[null,null,"2.0","PALMEIRA (CARNAUBA) C/TUTOR E ADUBO","UN","CONSUMO","P.UNIT","P.TOTAL"]
[null,null,"SXXXX","PALMEIRA (CARNAUBA) C/TUTOR E ADUBO","UNID",{"v":1,"d":"1.00"},{"v":320,"d":"320.00"},{"v":320,"d":"320.00"}]
[{"$nulls":3},"C/ALTURA DE 2,0 A 3,0 M"]
[]
[null,null,"S6111","SERVENTE","H",{"v":3,"d":"3.00"},5.99,17.97]
[{"$nulls":3},"LEIS SOCIAS  88,81 %",{"$nulls":3},{"v":15.959157,"d":"15.96"}]
[]
[{"$nulls":3},"PREÇO TOTAL UNID",{"$nulls":3},{"v":353.92915700000003,"d":"353.93"}]
[]
[null,null,"3.0","PALMEIRA (LUCURIROBA) C/TUTOR E ADUBO","UN","CONSUMO","P.UNIT","P.TOTAL"]
[null,null,"IXXXX","PALMEIRA (LUCURIROBA) C/TUTOR E ADUBO","UNID",{"v":1,"d":"1.00"},{"v":260,"d":"260.00"},{"v":260,"d":"260.00"}]
[{"$nulls":3},"C/ALTURA DE 2,0 A 3,0 M"]
[]
[null,null,"S6111","SERVENTE","H",{"v":3,"d":"3.00"},5.99,17.97]
[{"$nulls":3},"LEIS SOCIAS  88,81 %",{"$nulls":3},{"v":15.959157,"d":"15.96"}]
[]
[{"$nulls":3},"PREÇO TOTAL UNID",{"$nulls":3},{"v":293.92915700000003,"d":"293.93"}]
[]
[null,null,"4.0","ARVORE C/TUTOR E ADUBO ALT DE 1,5 A 3,0M","UN","CONSUMO","P.UNIT","P.TOTAL"]
[null,null,"IXXXX","ARVORE C/TUTOR E ADUBO ALT DE 1,5 A 3,0 M","UNID",{"v":1,"d":"1.00"},{"v":63,"d":"63.00"},{"v":63,"d":"63.00"}]
[]
[]
[null,null,"S6111","SERVENTE","H",{"v":3,"d":"3.00"},5.99,17.97]
[{"$nulls":3},"LEIS SOCIAS  88,81 %",{"$nulls":3},{"v":15.959157,"d":"15.96"}]
[]
[{"$nulls":3},"PREÇO TOTAL UNID",{"$nulls":3},{"v":96.929157,"d":"96.93"}]
[]
[null,null,"5.0","FRADE DE CONCRETO-FORMATO BOLA D=30 CM","UN","CONSUMO","P.UNIT","P.TOTAL"]
[null,null,"SXXXX","PINO DE CONCRETO PRE-FABRICADO DE FOR","UNID",{"v":1,"d":"1.00"},384.61,384.61]
[{"$nulls":3},"MA ESFERICA DIAM=450 MM DE ALTURA C/BA"]
[{"$nulls":3},"SE PARA EMBUTIR ACAB COR CINZA"]
[]
[null,null,"SXXXX","FIXAÇÃO DE PINO SOBRE CONCRETO COM","UNID",{"v":1,"d":"1.00"},{"v":11.5,"d":"11.50"},{"v":11.5,"d":"11.50"}]
[{"$nulls":3},"CUNHA DE EXPANSÃO DE AÇO E PARAFUSOS"]
[{"$nulls":3},"ESPECIAIS E PASTA QUIMICA"]
[]
[null,null,"74004/003","CONCRETO SIMPLES C20","M3",{"v":0.1,"d":"0.10"},332.02,{"v":33.202,"d":"33.20"}]
[]
[]
[null,null,"S4570","PEDREIRO","H",0.46,9.06,{"v":4.1676,"d":"4.17"}]
[null,null,"S6111","SERVENTE","H",0.46,5.99,{"v":2.7554000000000003,"d":"2.76"}]
[{"$nulls":3},"LEIS SOCIAS  88,81 %",{"$nulls":3},{"v":6.1483163,"d":"6.15"}]
[]
[{"$nulls":3},"PREÇO TOTAL UNID",{"$nulls":3},{"v":442.3833163,"d":"442.38"}]
[]
[null,null,"6.0","LIXEIRA ECOLOGICA C/02 UNIDADES","UN","CONSUMO","P.UNIT","P.TOTAL"]
[null,null,"SXXXX","LIXEIRA ECOLOGICA COLETORA COM","UNID",{"v":1,"d":"1.00"},468.51,468.51]
[{"$nulls":3},"02 UNIDADES DE 50 L E SUPORTE"]
[]
[]
[{"$nulls":3},"PREÇO TOTAL UNID",{"$nulls":3},468.51]
[]
[null,null,"7.0","BICICLETÁRIO ","UN","CONSUMO","P.UNIT","P.TOTAL"]
[null,null,"C0924","TUBO DE AÇO INOX 2\"","M",{"v":2.1,"d":"2.10"},226.66,{"v":475.986,"d":"475.99"}]
[null,null,"SXXXX","SUPORTE METÁLICO","UNID",{"v":4,"d":"4.00"},{"v":40,"d":"40.00"},{"v":160,"d":"160.00"}]
[]
[]
[{"$nulls":3},"PREÇO TOTAL UNID",{"$nulls":3},{"v":635.986,"d":"635.99"}]
[]
[null,null,"8.0","EQUIPE ARQUEOLOGICA","UN","CONSUMO","P.UNIT","P.TOTAL"]
[null,null,"SXXXX","CONTRATAÇÃO DE ACOMPANHAMENTO","UNID",{"v":1,"d":"1.00"},{"v":632938,"d":"632,938.00"},{"v":632938,"d":"632,938.00"}]
[null,null,"SXXXX","DE EQUIPE ARQUEOLOGICA PARA ELABORA"]
[{"$nulls":3},"ÇÃO DE 03 FASES DE ESTUDOS"]
[]
[{"$nulls":3},"PREÇO TOTAL UNID",{"$nulls":3},{"v":632938,"d":"632,938.00"}]
[]
[null,null,"9.0","CONTROLE TECNOLOGICO","UN","CONSUMO","P.UNIT","P.TOTAL"]
[null,null,"SXXXX","CONTRATAÇÃO DE ACOMPANHAMENTO","MÊS",{"v":1,"d":"1.00"},{"v":6300,"d":"6,300.00"},{"v":6300,"d":"6,300.00"}]
[{"$nulls":3},"DE CONTROLE TECNOLOGICO DE CONCRETO"]
[{"$nulls":3},"E SOLOS"]
[]
[{"$nulls":3},"PREÇO TOTAL MÊS",{"$nulls":3},{"v":6300,"d":"6,300.00"}]

{"sheet":"COMP BDI","index":4,"n_rows":43,"n_cols":9,"rows_kept":43,"merged":[[7,1,7,3]],"flags":["formulas_cached_only"]}
[]
[null,"COMPOSIÇÃO DE BDI",{"$nulls":3},"ACÓRDÃO TCU 2622"]
[null,"( PARA TABELAS SINAPI E SEINFRA COM DESONERAÇÃO)"]
[null,"CONSTRUÇÃO DE EDIFÍCIOS"]
[]
[null,null,"ORÇAMENTO:"]
[]
[null,"DEMONSTRATIVO DE TAXA DE B.D.I. - "]
[]
[]
[null,"I - PARCELAS INCIDENTES SOBRE O CUSTO",{"$nulls":3},"VALORES DO BDI POR TIPO DE OBRA"]
[{"$nulls":5},"CONSTRUÇÃO DE EDIFÍCIOS","1ºQuartil "," Médio "," 3º Quartil"]
[null,"      1 -  ADMINISTRAÇÃO CENTRAL (AC)",null,{"v":0.03,"d":"3.00%"},null,"ADMINISTRAÇÃO CENTRAL",{"v":0.03,"d":"3.00%"},{"v":0.04,"d":"4.00%"},{"v":0.055,"d":"5.50%"}]
[]
[null,"II - PARCELAS INCIDENTES SOBRE O FATURAMENTO (PREÇO DE VENDA DO SERVIÇO)"]
[]
[null,"      1 - IMPOSTOS (I)",{"$nulls":3},"IMPOSTOS","-","-","-"]
[null,"            1.1 - COFINS",{"v":0.03,"d":"3.00%"}]
[null,"            1.2 - PIS",{"v":0.0065,"d":"0.65%"}]
[null,"            1.3 - ISS",{"v":0.025,"d":"2.50%"},{"v":0.0815,"d":"8.15%"}]
[null,"            1.4 - CPRB (Contribuição Previenciária sobre a Receita Bruta) ",{"v":0.02,"d":"2.00%"}]
[]
[null,"III - PARCELAS INCIDENTES SOBRE CUSTO "]
[]
[null,"      2 - LUCRO (L)",null,{"v":0.053,"d":"5.30%"},null,"LUCRO",{"v":0.0616,"d":"6.16%"},{"v":0.074,"d":"7.40%"},{"v":0.0896,"d":"8.96%"}]
[]
[null,"      3 - GARANTIA (G)",null,{"v":0.002,"d":"0.20%"},null,"SEGURO + GARANTIA",{"v":0.008,"d":"0.80%"},{"v":0.008,"d":"0.80%"},{"v":0.01,"d":"1.00%"}]
[]
[null,"      4 - RISCO (R) ",null,{"v":0.005,"d":"0.50%"},null,"RISCO",{"v":0.0097,"d":"0.97%"},{"v":0.0127,"d":"1.27%"},{"v":0.0127,"d":"1.27%"}]
[]
[null,"      5 - SEGURO (S)",null,{"v":0.0036,"d":"0.36%"}]
[]
[null,"      6 - DESPESAS FINANCEIRAS (DF)",null,{"v":0.0059,"d":"0.59%"},null,"DESPESA FINANCEIRA",{"v":0.0059,"d":"0.59%"},{"v":0.0123,"d":"1.23%"},{"v":0.0139,"d":"1.39%"}]
[]
[]
[null,"III - CÁLCULO DO B.D.I."]
[]
[null,"        B D I =((((1+(AC+S+R+G))x(1+DF)x(1+L)) / (1-I))-1) x 100"]
[]
[null,{"v":20.001822059880237,"d":"        B D I = 20.00 %"},{"$nulls":3},"CONSTRUÇÃO DE EDIFÍCIOS",{"v":0.2034,"d":"20.34%"},{"v":0.2212,"d":"22.12%"},{"v":0.25,"d":"25.00%"}]
[]
[]
[null,"CPRB (Contribuição Previenciária sobre a Receita Bruta) =2%"]